Largest Islands of the Pacific Ocean Quiz Stats

 Plays Quiz Updated Jan 24, 2018

Challenge
Share
Tweet
Embed
Score 0/20 Timer 04:00
0 Plays Today
Area (km²) Island % Correct
151,215South Island (New Zealand)
88.4%
115,778North Island (New Zealand)
88.3%
800,311New Guinea
74.2%
230,966Honshu
71.7%
36,197Taiwan
66.1%
744,108Borneo
63.7%
83,515Hokkaido
62.7%
67,858Tasmania
50%
104,688Luzon
50%
42,018Kyushu
43.9%
Area (km²) Island % Correct
189,218Sulawesi
36.4%
94,631Mindanao
33.3%
18,800Shikoku
32.1%
76,405Sakhalin
29.4%
33,210Hainan
26%
31,285Vancouver Island
21.5%
18,575New Caledonia
20.4%
36,520New Britain
16.6%
17,780Halmahera
5%
17,100Seram
3.8%

You're not logged in!

Compare scores with friends on all Sporcle quizzes.
OR
Log In

You Might Also Like...

Show Comments

Extras

Top Quizzes Today


Score Distribution

Your Account Isn't Verified!

In order to create a playlist on Sporcle, you need to verify the email address you used during registration. Go to your Sporcle Settings to finish the process.

Report this User

Report this user for behavior that violates our Community Guidelines.

Details: